000 00340nam a2200145 i 4500
001 bg
100 1 _aMROMLIŃSKI, R.
245 0 _aKonstrukcje aluminiowe /
_cR. Mromliński.
250 _aWyd.2 rozsz. i uzup.
260 _aWarszawa,
_c1964.
040 _cBPK
041 _apol
942 _cKS
008 s pl f |000 0 pol
999 _c4891
_d4891
856 _uhttp://koha.tu.koszalin.pl/cgi-bin/koha/opac-detail.pl?biblionumber=4891
_yKatalog online BPK